00952nam a2200205 i 450000100060000000300090000600500170001500700030003200800410003508000100007610000400008624502790012626000640040530000220046965000540049170000360054585200220058199900170060395201260062026858ES-MaACL20230906153519.0t|030110s1884 sp ||||1| spa d a342.91 aArriaga del Arco, Federico.914039110aProcedimiento administrativo de apremio b: introducción crítica sobre la legislación vigente : instrucción de 20 de mayo de 1884 con numerosas notas, disposiciones complementarias de aquélla y formularios / cpor Federico Arriaga del Arco e Isidro Torres Muñoz. aMadrid : b[s.n.], c1884 (fTip. de Manuel G. Hernández) a295 p. ; c21 cm.04aDerecho administrativo-zEspaña-yS.XIX.9116451 aTorres Muñoz, Isidro.9133328 aES-MaACLjE-13130 c26858d26858 001040708LIBXIXaATENEOMbATENEOMcDEPO2d2008-01-17eSCl0oE-13130p1027723r2023-02-23 00:00:00w2023-02-23yMONANT